| 000 | 00655nam a22001935i 4500 | ||
|---|---|---|---|
| 001 | 53147 | ||
| 003 | ES-MaACL | ||
| 007 | t| | ||
| 008 | 950908s1851 fr ||||1| fre d | ||
| 040 |
_aCAM _bspa _cCAM |
||
| 100 | 1 |
_aDugué, Ferdinand. _945935 |
|
| 245 | 1 | 0 |
_aSalvator Rosa _b: drame en 5 actes et 7 tableaux / _cpar M. Ferdinand Dugué. |
| 260 |
_aParis : _bMichel Lévy fréres, _c1851 ( _fimprimerie de Mme Veuve Dondey-Dupré) |
||
| 300 |
_a95 p. ; _c20 cm. |
||
| 490 | 1 | _aBibliothèque dramatique. Théâtre moderne | |
| 830 | 0 |
_aBibliothèque dramatique. Théâtre moderne _9182423 |
|
| 852 |
_aES-MaACL _jT-728-F-4 |
||
| 999 |
_c53147 _d53147 |
||